| 000 | 00608nam a2200205Ia 4500 | ||
|---|---|---|---|
| 003 | OSt | ||
| 005 | 20220811154348.0 | ||
| 008 | 220811b |||||||| |||| 00| 0 eng d | ||
| 020 | _a978-0-321-54256-4 | ||
| 040 | _cIFM Library | ||
| 082 | _a332.64 57 | ||
| 100 |
_aMarthinsen, John E. _98648 |
||
| 245 | _aRisk Takers: Uses and Abuses of Financial Derivatives | ||
| 250 | _a2nd ed. | ||
| 260 |
_aLondon: _bPearson Prentice Hall, _c2009 |
||
| 300 | _axx, 328p.: ill.; 23cm | ||
| 500 | _aIncludes Bibliographical References and Index. | ||
| 650 |
_aRisk Management Derivative _98649 |
||
| 942 |
_cBK _2ddc _n0 |
||
| 999 |
_c11815 _d11815 |
||